000 00461cam a22001577a 4500
008 180718b2014 xxu||||| |||| 00| 0 eng d
020 _a9788192773926
082 _aQ39 D22
100 _aDangi, H.K.
245 _aDisaster Management : humanitarian logistics in relief operations
_cby H.K. Dangi
260 _aNew Delhi
_bIndex International
_c2014
300 _a158p.
650 _aLogistics
650 _aHumanitarian assistance
650 _aDisaster relief
999 _c444223
_d444223